000 00740nam a22002417a 4500
003 OSt
005 20251118105705.0
008 251118b |||||||| |||| 00| 0 eng d
020 _a978-0-415-48642-2.
040 _aDWCL-Admin lib
_cOC
082 _aCirc. 618.9289 K33c 2010
100 _aKendall, Philip C.
245 _aChildhood disorders /
_cPhilip C. Kendall
260 _aN.Y. :
_bPsychology Press,
_cc2010
300 _a x, 293 p. ;
_c22 cm.
504 _aIncludes bibliographical references & index.
650 _a1. Child psychiatry
650 _a2. Child psychopatology
650 _a3. Child psychotheraphy
650 _a4. Mental illness
700 _aComer, Jonathan S.
942 _2ddc
_cBK-CIRC
_e 2nd ed.
_kCirc.
_n0
999 _c5765
_d5765